Mikro - Statystyki

Ogólne statystyki
  • Ten quiz został rozwiązany 24 razy
  • Średni wynik to 48 z 149
Statystyki odpowiedzi
Zagadnienie Odpowiedź % Poprawnych
Przetrwalniki (endospory): e. prawidłowe a i b
88%
Czynnikiem etiologicznym zapalenia żołądka typu B oraz choroby wrzodowej żołądka i dwunastnicy jest: b. Helicobacter pylori
75%
Laureat Nagrody Nobla w dziedzinie Fizjologii i Medycyny za badania nad gruźlicą to: c. Robert Koch
75%
Zespół wstrząsu toksycznego powodowany przez S. aureus jest związany z obecnością: c. toksyny TSST-1
75%
Wskaż zdanie fałszywe: d. hemolizyny: Streptolizyna O i Streptolizyna S są czynnikami chorobotwórczości S. pneumoniae
75%
Promieniowanie UV: e. a i d są poprawne
75%
Pionier antyseptyki, który wprowadził dezynfekcję rąk u lekarzy z użyciem roztworu podchlorynu wapnia przed badaniem kobiet po porodzie, co spowodowało radykalne zmniejszenie umieralności z powodu tzw. gorączki połogowej to: e. Ignaz Semmelweiss
75%
Do metod sterylizacji wysokotemperaturowej zaliczamy: e. poprawna odpowiedź c i d
75%
Lipid A jest: e. prawidłowe odpowiedzi b i c
75%
Krztusiec to: c. ostra choroba zakaźna przebiegająca z silnym napadowym kaszlem, spowodowana przez pałeczki Bordetella pertussis, szczególnie niebezpieczna dla nieszczepionych dzieci
63%
Który z gatunków pierwotniaków wywołuje chorobę należącą do grupy chorób STI: d. Trichomonas vaginalis
63%
Wskaż zdanie prawdziwe opisujące szczepy wielolekooporne MDR: d. wykazują oporność lub obniżoną wrażliwość na co najmniej 1 antybiotyk z 3 różnych grup mających zastosowanie w leczeniu zakażeń wywołanych przez dany gatunek
63%
Toksyna pirogenna: e. odpowiedzi b i d są prawidłowe
63%
Efekt cytopatyczny to: e. prawidłowe a i b
63%
Profilaktyka chorób wektorowych obejmuje: e. wszystkie są poprawne
63%
Wskaż zdania prawdziwe: a. bakteryjna waginoza (BV) jest spowodowana zaburzeniem równowagi naturalnej mikrobioty pochwy
50%
W przypadku bakterii mezofilnych optymalną temperaturą do wzrostu jest: a. temperatura 35–37 °C
50%
Wskaż bakterie Gram-dodatnie będące częstymi czynnikami etiologicznymi zakażeń układu moczowego: b. E. faecalis, S. saprophyticus
50%
W jakim miejscu docelowym w komórce bakteryjnej wiążą się tetracykliny? b. podjednostka 30S miejsce dokowania aminoacylo-tRNA do mRNA
50%
LEUKOCYDYNA, czyli toksyna Panton-Valentine to czynnik wirulencji: b. Staphylococcus aureus
50%
Badanie jałowości ma na celu: b. stwierdzenie czy badany produkt leczniczy lub wyrób medyczny jest wolny od żywych drobnoustrojów
50%
Który gatunek bakterii jest częstą przyczyną ostrego zapalenia ucha wewnętrznego u dzieci? c. Moraxella catarrhalis
50%
Który z patogenów jelitowych jest zdolny do inwazji i replikacji w komórkach M w kępkach Peyera w jelicie cienkim? c. Salmonella Enteritidis
50%
Endotoksyna (LPS) bakterii Gram-ujemnych: c. wywołuje biologiczne efekty ogólnoustrojowe związane ze stymulacją układu immunologicznego
50%
Toksyny eksfoliatywne (ETA, ETB), odpowiedzialne są za wystąpienie c. zespołu oparzonej skóry
50%
Odczyn aglutynacji to: e. prawidłowe a i b
50%
Wskaż zdanie prawdziwe dotyczące testu LAL: e. żadne z powyższych
50%
28-letni Tomasz, od kiedy 6 lat temu został ojcem, bardzo uważnie wybierał miejsce na wakacje dla rodziny – kryterium najważniejszym było bezpieczeństwo syna Kuby. Tomasz nie mógł uniknąć zatrucia wodą, której lekarz stwierdził, że przyczyną dolegliwości Kuby tj. biegunek, rozdrażnienia i zaburzeń snu był pasożyt należący do nicieni Ascaris lumbricoides. Wskaż prawdopodobne źródło zakażenia: a. człowiek
38%
Od pacjenta z obniżoną odpornością, wyhodowano z rany bakterię. Na agarze McConkeya zaobserwowano kolonie produkujące czerwony barwnik, w preparacie barwionym metodą Grama stwierdzono pałeczki Gram-ujemne. Zakażenie wywołane jest prawdopodobnie przez: a. E. coli
38%
Który antybiotyk z podanych poniżej ma najszersze spektrum? a. ertapenem
38%
Mechanizm działania echinokandyn polega na: a. hamowaniu syntezy 1,3 – beta – D – glukanu
38%
W preparatach barwionych metodą Grama oceniamy: a. kształty i ułożenie komórek bakterii
38%
Obecnie zalecane szczepionki przeciwko Streptococcus pneumoniae to rodzaj szczepionek: a. polisacharydowych
38%
Julia i Oskar mieli niezapomniany ślub, a parę miesięcy później, nie zmienili nic w przebiegu ceremonii, za wyjątkiem jednej potrawy w menu tj.: tatara wieprzowego. Lekarz, do którego się udali, celem wyjaśnienia swoich dolegliwości jelitowych, stwierdził, że czynnikiem etiologicznym ich dolegliwości jest pasożyt. Czy wiesz jaki? a. Taenia solium
38%
Paski wskaźnikowe z substancjami zmieniającymi barwę, które umieszcza się we wnętrzu opakowań ze sterylizowanym sprzętem to przykład wskaźników kontroli procesu sterylizacji: b. chemicznej
38%
Które z poniższych zdań najlepiej opisuje Klebsiella pneumoniae? b. Nie fermentuje laktozy, tworzy różowe, śluzowe kolonie i może produkować karbapenemazę KPC.
38%
45-letni mężczyzna wrócił dwa tygodnie temu z podróży do Kenii. Był tam nie tyle, co w sprawach służbowych, ale z powodu swojej pasji, którą był krykiet. Pacjent doświadczał dwóch epizodów gorączki 39,5°C, w odstępach dwudniowych. Początkowo gorączce towarzyszył ból głowy i mięśni, dreszcze, ból brzucha. Po dwóch dniach rozwinęła się postać mózgowa choroby. Który z gatunków pierwotniaków, najczęściej wywołujących malarię, mógł być przyczyną malarii tropikalnej? b. Plasmodium falciparum
38%
Zanik charakterystycznej morfologii grzybni w warunkach in vitro określany jest mianem: b. Pleomorfizmu
38%
Co charakteryzuje Serratia marcescens? b. Tworzy czerwony barwnik na podłożu TSA w temperaturze 25°C
38%
Wskaż zdanie prawdziwe dotyczące pałeczki Gram-ujemnej Pseudomonas aeruginosa. b. Tworzy kolonie o charakterystycznym zapachu jaśminu i wytwarza oksydazę
38%
Laureat Nagrody Nobla za odkrycie penicyliny (1945 r.) to: c. Aleksander Fleming
38%
Który gatunek Aspergillus w hodowli tworzy kolonie o wyglądzie „sól z pieprzem”? c. Aspergillus niger
38%
Jaka jest najczęstsza droga zarażenia Ascaris lumbricoides? c. Fekalno-oralna
38%
Skuteczny program zapewnienia jakości procesu sterylizacji powinien uwzględniać: c. kontrolę: wsadu, pakietu, sprzętu, ekspozycji, rejestrowanie kontroli cykli, oznakowanie każdego pakietu w celu rejestracji
38%
Krztusiec to: c. Ostra choroba zakaźna układu oddechowego przebiegająca z silnym napadowym kaszlem, spowodowana przez pałeczki Bordetella pertussis, szczególnie niebezpieczna dla nieszczepionych dzieci
38%
Gatunek bakterii kolonizujący dystalne części układu pokarmowego, moczowo-płciowego i w tym nabłonek pochwy (nosicielstwo u ok. 10–30% kobiet ciężarnych), który może wywoływać zakażenia okołoporodowe to: c. Streptococcus agalactiae
38%
Zespół wstrząsu toksycznego powodowany przez S. aureus jest związany z obecnością: c. toksyny TSST-1
38%
Zgorzel gazowa: d. b i c są prawdziwe
38%
Czynnikiem etiologicznym choroby legionistów, określanej także jako legionellozowe zapalenie płuc, jest: d. Legionella pneumophila
38%
Do oceny lekooporności bakterii wymagających wykorzystywane jest podłoże: d. Mueller-Hinton z 5% krwią końską
38%
Aby zinterpretować lekooporność szczepu oznaczonego metodą dyfuzyjno-krążkową: d. odpowiedzi a, b – prawidłowe
38%
W jakim miejscu docelowym w komórce bakteryjnej wiążą się wszystkie tetracykliny? d. podjednostka 30S miejsce dokowania aminoacylo-tRNA do mRNA
38%
Dezynfekcja to: d. proces prowadzący do zmniejszenia liczby drobnoustrojów (form wegetatywnych bakterii, grzybów, wirusów), przez ich zabicie i inaktywację, do poziomu bezpiecznego dla człowieka
38%
Profilaktyka wirusa RSV u noworodków obejmuje: d. szczepienie kobiety w ciąży między 24–36 tygodniem ciąży
38%
Wskaż zdanie prawdziwe dotyczące leków przeciwgrzybiczych z grupy azoli: e. a i c są prawdziwe
38%
Promieniowanie UV: e. a i d są poprawne
38%
Ściana komórkowa bakterii Gram-ujemnych charakteryzuje się obecnością: e. brakiem kwasu tejcholowego i cienką warstwą peptydoglikanu
38%
Które z poniższych stwierdzeń, dotyczących izawukonazolu jest prawdziwe? e. Charakteryzuje się naturalną opornością wśród szczepów Candida albicans
38%
Szczepienie, które jest zalecane u kobiet w ciąży to szczepienie przeciwko: e. grypie
38%
Jakimi szczepionkami, wg Polskiego Kalendarza Szczepień na rok 2024, szczepiony jest noworodek na samym początku? e. HBV i gruźlica
38%
Wskaż zdanie fałszywe: e. hemolizyny: Streptolizyna O i Streptolizyna S są czynnikami chorobotwórczości S. pneumoniae
38%
Pionier antyseptyki, zastosowana przez niego dezynfekcja rąk (stosowanie roztworu podchlorynu wapnia) przed badaniem kobiet po porodzie spowodowała radykalne zmniejszenie się wśród nich śmiertelności na gorączkę połogową: e. Ignaz Semmelweiss
38%
Na czym polega oznaczenie NPL (Najbardziej Prawdopodobnej Liczby drobnoustrojów) w mikrobiologicznej kontroli produktów leczniczych? e. Na inokulacji serii rozcieńczeń próbki do podłoży płynnych, ocenie obecności lub braku wzrostu w każdej probówce oraz odczycie najbardziej prawdopodobnej liczby drobnoustrojów na podstawie statystycznych danych ✅
38%
Która z poniższych penicylin nie jest rozkładana przez gronkowcowe penicylinazy i stosowana w zakażeniach spowodowanych przez MSSA? e. Odpowiedź b i c jest prawidłowa
38%
Która z poniższych penicylin ma aktywność przeciwko Pseudomonas aeruginosa? e. Odpowiedź c i d jest prawidłowa
38%
Enteropatogenne szczepy Escherichia coli EPEC: e. prawidłowe odpowiedzi a i b
38%
Wskaż bakterie będące czynnikami zakażeń oportunistycznych: e. Prawidłowe odpowiedzi b i c
38%
Wskaż zdania prawdziwe dotyczące dżumy: e. Prawidłowe są odpowiedzi a, b oraz d
38%
W parazytologii klasyfikacja pasożytów opiera się na: e. wszystkie odpowiedzi są poprawne
38%
Do rozwoju zakażeń niefermentującymi pałeczkami Gram-ujemnymi z gatunków Acinetobacter baumannii oraz Pseudomonas aeruginosa, predysponują: e. Wszystkie odpowiedzi są prawidłowe
38%
Które z przedstawionych czynników chorobotwórczości mogą być obecne u przedstawicieli rzędu Enterobacterales: e. Wszystkie odpowiedzi są prawidłowe
38%
Obecność drobnoustrojów w lekach może być spowodowana m.in.: e. wszystkie wymienione odpowiedzi są prawidłowe
38%
Które z poniższych stwierdzeń najbardziej przemawia za rozpoznaniem zakażenia odcewnikowego? e. Wzrost tej samej bakterii z krwi pobranej z cewnika i z obwodu, przy czym dodatni wynik z cewnika uzyskano co najmniej 2 godziny wcześniej niż z obwodu.
38%
Który antybiotyk z podanych poniżej ma najszersze spektrum? a. ertapenem
25%
Który antybiotyk jest lekiem I rzutu w przypadku zakażenia Clostridioides difficile? a. fidaksomycyna
25%
Która generacja cefalosporyn wykazuje największą aktywność przeciwko bakteriom Gram-dodatnim? a. I generacja
25%
Wskaż zdanie nieprawdziwe dotyczące pałeczek Gram-ujemnych z gatunku Acinetobacter baumannii: a. Jest wrażliwa na przesuszanie
25%
Cechy charakterystyczne dla ziarniaków Gram-dodatnich z gatunku Streptococcus pyogenes to: a. Przynależność do grupy serologicznej A, wrażliwość na bacytracynę, ujemny test CAMP
25%
Meningokoki: a. są pałeczkami Gram-ujemnymi
25%
VAGINITIS charakteryzuje się: a. silnie zaznaczonym stanem zapalnym błony śluzowej pochwy; związany jest z zakażeniem, najczęściej jednym, określonym czynnikiem etiologicznym (bakteriami, grzybami, pierwotniakami), przeniesionym drogą płciową.
25%
Aby wykryć mechanizm KPC zastosujemy: a. Test kombinowany: Meropenem (MEM, 10 µg) oraz Meropenem (MEM, 10 µg) + kwas boronowy
25%
Antybiotyki β-laktamowe wykazują aktywność przeciwbakteryjną dzięki wiązaniu się: a. z peptydoglikanem ściany bakteryjnej
25%
Która metoda barwienia jest stosowana rutynowo przy podejrzeniu zakażenia układu nerwowego wywołanego przez Cryptococcus neoformans? b. Barwienie tuszem chińskim
25%
Który z poniższych opisów najlepiej przedstawia mechanizm działania tetracyklin? b. Blokowanie przyłączenia aminoacylo-tRNA do miejsca A podjednostki 30S i uniemożliwienie wydłużania łańcucha peptydowego
25%
Leczenie zakażenia H. pylori obejmuje 3 grupy leków, w tym inhibitory pompy protonowej, leki o działaniu cytoprotekcyjnym oraz antybiotyki. Wśród antybiotyków, które mają zastosowanie w leczeniu zakażenia można wymienić: b. metronidazol, amoksycylinę, lewofloksacynę, tetracyklinę, klarytromycynę
25%
Który z poniższych mechanizmów molekularnych najczęściej odpowiada za nabycie oporności Candida spp. na triazolowe leki przeciwgrzybicze? b. Modyfikacja punktowa w genie ERG11 oraz nadekspresja transporterów typu efflux
25%
Który z poniższych gatunków nie należy do kompleksu Mycobacterium tuberculosis: b. Mycobacterium abscessus
25%
Na czym polega oznaczenie czystości mikrobiologicznej produktów leczniczych b. Na wykrywaniu i oznaczaniu obecności określonych mikroorganizmów chorobotwórczych oraz określaniu całkowitej liczby żywych drobnoustrojów tlenowych i grzybów
25%
Technika mikrokulturowa szkiełkowa jest szczególnie przydatna do: b. Oceny sporulacji grzybów strzępkowych
25%
Test oceny wrażliwości na optochinę (5 µg) jest pomocny w identyfikacji ziarniaków Gram-dodatnich z gatunku: b. Streptococcus pneumoniae
25%
Wskaż zdanie prawdziwe: b. Streptococcus pneumoniae jest dominującą zapalenia płuc, powoduje także inwazyjną chorobę pneumokokową, którą cechuje wysoka śmiertelność, zwłaszcza u dzieci i osób starszych oraz osób z obniżoną odpornością
25%
„Szczep Staphylococcus aureus oporny na metycylinę” to: b. szczep oporny na penicyliny, penicyliny izoksazolilowe, cefalosporyny, penicyliny z inhibitorami β-laktamaz i karbapenemy
25%
Wskaż prawidłową definicję latencji wirusów. b. To stan, w którym genom wirusa jest obecny w zakażonej komórce, ale jego ekspresja jest ograniczona i nie powstają wiriony potomne.
25%
Na jakim podłożu hoduje się grzyby z rodzaju Malassezia? c. Agar Sabourauda z dodatkiem oliwy z oliwek
25%
Do β-laktamaz klasy C zaliczamy: c. AMPC
25%
W diagnostyce zakażeń grzybami pleśniowymi, laktofenol stosuje się głównie do: c. Barwienia struktur w preparatach mikroskopowych
25%
Zjawisko kwasooporności wykorzystywane jest głównie w diagnostyce poprzez: c. Barwienie metodą Ziehl-Neelsena
25%
Lekiem stosowanym w profilaktyce przedekspozycyjnej (PrEP) HIV jest: c. emtrycytabina z tenofowirem dizoproksylu fumaranem
25%
Która metoda diagnostyczna uważana jest za „złoty standard” potwierdzenia gruźlicy? c. Hodowla na podłożu stałym
25%
W terapii echinokandynami, najczęstszym mechanizmem nabytej oporności Candida spp. jest c. Mutacje w regionach hot spot genu FKS1 wpływające na funkcję kompleksu syntazy glukanu
25%
Które prątki z kompleksu MTBC zostały wykorzystane do stworzenia szczepionki BCG? c. Mycobacterium bovis
25%
Infekcje i zakażenia endoprotez stawowych, związane z wytwarzaniem biofilmu powoduje m.in.: c. Staphylococcus epidermidis
25%
Julia i Tomasz byli na przyjęciu. Parę miesięcy później nie zmienili by nic w przebiegu ceremonii, za wyjątkiem jednej z pozycji w menu tj.: tatara wołowego. Lekarz, do którego się udali, celem wyjaśnienia swoich dolegliwości jelitowych, stwierdził, że czynnikiem etiologicznym ich dolegliwości jest pasożyt. Czy wiesz jaki? c. Taenia saginata
25%
Która z poniższych cefalosporyn działa jako siderofor, wspomagając transport żelaza do komórek bakteryjnych? d. Cefiderokol
25%
Szczepy wielolekooporne określane mianem MDR: (wskaż zdanie prawdziwe) d. charakteryzują się opornością lub obniżoną wrażliwością na co najmniej 1 antybiotyk z 3 różnych grup terapeutycznych mających zastosowanie w leczeniu zakażeń wywołanych przez dany gatunek
25%
Które z poniższych zestawów antybiotyków zawiera wyłącznie leki o działaniu bakteriostatycznym? d. Chloramfenikol, klarytromycyna, doksycyklina
25%
Które z poniższych stwierdzeń najlepiej opisuje zależność pomiędzy generacją cefalosporyn, a ich spektrum działania? d. Im niższa generacja cefalosporyn (I–III generacji), tym większa aktywność wobec bakterii Gram-dodatnich, a im wyższa – tym większa aktywność wobec Gram-ujemnych
25%
Lekiem z wyboru w zakażeniach Staphylococcus aureus MSSA (metycylinowrażliwy) jest: d. kloksacylina
25%
Który z wymienionych gatunków prątków jest źródłem szczepionki BCG stosowanej w profilaktyce gruźlicy? d. Mycobacterium bovis
25%
Badanie mikrobiologiczne moczu obejmuje: d. Odpowiedzi a i b są poprawne
25%
Toksyny eksfoliatywne (ETA, ETB), wywołujące zespół poparzonej skóry, są czynnikiem wirulencji: d. Staphylococcus aureus
25%
Jak wyrażane są kryteria akceptacji dla skuteczności środków konserwujących w badaniu czystości mikrobiologicznej produktów leczniczych? e. Jako logarytmiczna redukcja liczby zdolnych do życia drobnoustrojów w stosunku do wartości uzyskanej dla niekonserwowanej próbki
25%
ESBL to: e. β-laktamaza o rozszerzonym spektrum substratowym, hydrolizująca wszystkie penicyliny i cefalosporyny (poza cefamycynami), wrażliwa na inhibitory β-laktamaz oraz monobaktamy (wrażliwa na połączenia z inhibitorami) i monobaktamy
25%
Toksyna pirogenna: e. odpowiedzi B i D są prawidłowe
25%
W przypadku wyizolowania z materiału klinicznego katalazo-ujemnych ziarniaków Gram-dodatnich, których kolonie otoczone są strefą β-hemolizy, testem pomocnym w ich pełnej identyfikacji do gatunku jest: e. określenie wrażliwości na nowobiocynę oraz przynależność do grupy serologicznej wg schematu Lancefield
25%
Wykrycie mechanizmu ESBL zobowiązuje do zaaportowania oporności na: e. penicyliny (bez połączeń z inhibitorami β-laktamaz), cefalosporyny (z wyjątkiem cefamycyn oraz połączeń cefalosporyn z inhibitorami) i monobaktamy
25%
Która warstwa ściany komórkowej Mycobacterium tuberculosis jest najbardziej odpowiedzialna za oporność na działanie antybiotyków? a. Arabinogalaktan
13%
Który składnik ściany komórkowej Mycobacterium tuberculosis odpowiada za cechę kwasooporności? a. Arabinogalaktan
13%
Inhibitory integrazy to: a. Dolutegrawir, Raltegrawir, Binofoowir
13%
Wskaż prawdziwe zdanie, dotyczące Candida auris: a. Jest gatunkiem drożdżowym, wykazującym naturalną oporność wyłącznie na echinokandyny, co warunkuje jej oporność terapeutyczną
13%
Najczęściej występujące w drogach rodnych gatunki z rodzaju Lactobacillus to: a. L. crispatus, L. gasseri, L. jensenii, L. iners
13%
Dla 31-letniego mieszkańca stanu Missouri kąpiel w jeziorze zakończyła się śmiercią w przeciągu 72 h. W trakcie kąpieli nastąpiło zakażenie: a. Naegleria fowleri
13%
Wykonano posiew moczu pobranego od pacjenta z objawami zakażenia układu moczowego. Po 24 godzinach inkubacji w 37°C, na podłożu MacConkeya uzyskano wzrost różowych kolonii. W preparacie barwionym metodą Grama obserwowano Gram-ujemne pałeczki. Wyhodowana bakteria jest prawdopodobnie: a. P. mirabilis
13%
Wybierz PRAWIDŁOWĄ odpowiedź, dotyczącą zakażeń onkogennymi typami HPV: a. powodują brodawki na skórze rąk i podeszwowe brodawki na stopach
13%
Charakterystycznym mikroskopowym obrazem Microsporum canis są: a. Smukłe, cygarowate makrokonidia
13%
Charakterystycznym elementem morfologicznym Geotrichum spp. są: b. Artrospory
13%
Który z poniższych opisów najlepiej przedstawia mechanizm działania makrolidów? b. błedny odczyt mRNA i wbudowywanie nieprawidłowych aminokwasów
13%
Które z poniższych połączeń beta-laktamów z inhibitorami są skuteczne przeciwko bakteriom wytwarzającym ESBL, AmpC i KPC? b. Ceftazydym z awibaktamem
13%
Który lek przeciwwirusowy z podanych poniżej ma najszersze spektrum? b. Gancyklowir
13%
Który z poniższych zestawów antybiotyków zawiera wyłącznie leki o działaniu bakteriobójczym? b. Gentamycyna, Imipenem, Tykarcylina
13%
Jaki lek zastosować w przypadku oporności na I i II linię terapii w HIV-1? b. Ibalizumab
13%
Corynebacterium diphtheriae (wskaż zdanie prawdziwe): b. jest czynnikiem etiologicznym błonicy
13%
Podłoże Wilsona-Blaira to: b. podłoże wybiórczo-różnicujące do izolacji Salmonella zawierające zieleń brylantową i siarczan bizmutawy
13%
Bakterią charakteryzującą się tropizmem tkankowym do układu moczowego jest: b. Staphylococcus saprophyticus
13%
Który antybiotyk jest lekiem I rzutu w przypadku zakażenia Clostridioides difficile? c. fidaksomycyna
13%
Komensalny drobnoustroj kolonizujący dystalne części: układu pokarmowego oraz moczowo-płciowego oraz środowisko pochwy (u ok. 10–30% kobiet ciężarnych) to: c. Streptococcus agalactiae
13%
Skrót TAMC w kontekście badania czystości mikrobiologicznej oznacza: d. Całkowitą liczbę tlenowych mikroorganizmów mezofilnych
13%
Lekiem z wyboru w zakażeniach wirusem CMV jest: d. Gancyklowir
13%
Lekiem z wyboru w zakażeniach Staphylococcus aureus MSSA (metycylinowrażliwy) jest: d. kloksacylina
13%
Czynnikiem etiologicznym duru brzusznego jest: d. Salmonella enterica serovar Paratyphi
13%
Co charakteryzuje Stenotrophomonas maltophilia pod względem oporności? d. Wykazuje oporność w mechanizmie biofilmu
13%
„Lek ten wiąże się wybiórczo z ludzkim receptorem dla chemokin typu CCR5, przez co uniemożliwia przedostanie się CCR5-tropowych wirusów HIV-1 do wnętrza komórki”. Jakiego leku mechanizm receptorowy przedstawiono powyżej? e. marawirok
13%
Podłoża zgodne z wymaganiami Farmakopei i zalecane w badaniu jałowości to: e. Prawidłowe odpowiedzi a i c
13%
Karbapenemy: e. wszystkie odpowiedzi prawidłowe
13%
Faza intensywna leczenia gruźlicy wrażliwej obejmuje stosowanie których leków: a. Isoniazyd, meropenem, amikacyna, gentamycyna
0%
"Lek jest humanizowanym przeciwciałem monoklonalnym, immunoglobuliną G typu 4 (IgG4). Jest inhibitorem HIV-1 ukierunkowanym na domenę 2 receptora CD4 i blokuje szczep HIV-1 przed zakażeniem limfocytów T CD4+, zapobiega interakcji białka powierzchniowego gp120 wirusa HIV-1 z receptorem CD4+. Lek działania wymagane do wniknięcia cząsteczek wirusowych do wnętrza komórki. W efekcie zakażona przylegający wirusa. Może być stosowany u pacjentów z leukopornością na HIV." Jakiego leku mechanizm receptorowy przedstawiono powyżej? a. kobicystat
0%
Test LAL: a. Wynik testu oceniamy na podstawie wartości zmian temperatury
0%
Wskaż zdanie nieprawdziwe dotyczące enterokrwotocznych Escherichia coli (EHEC): b. Związane są z krwawymi biegunkami i krwotocznym zapaleniem jelita grubego, którego częstym powikłaniem jest hemolityczny zespół mocznikowu
0%
Wskaż prawidłowy opis mechanizmu działania amfoterycyny B: c. Tworzenie kanałów jonowych poprzez interakcję z ergosterolem w błonie komórkowej
0%
Nie znaleziono quizów pasujących do podanych kryteriów
Rozkład punktacji
Procent ludzi z każdym wynikiem
Percentyl według liczby udzielonych odpowiedzi
Twoja historia wyników
Nie rozwiązałeś tego quizu